[Event "SVK-ch U16"]
[Site "Stara Lubovna"]
[Date "2022.05.28"]
[Round "9"]
[White "Lovcican, Tomas"]
[Black "Rak, Martin"]
[Result "1/2-1/2"]
[WhiteElo "2024"]
[BlackElo "1849"]
[PlyCount "27"]
[EventDate "2022.05.21"]
[EventType "swiss"]
[EventRounds "9"]
[EventCountry "SVK"]
[SourceTitle "CBM 208 Extra"]
[Source "ChessBase"]
[SourceDate "2022.07.31"]
[SourceVersion "1"]
[SourceVersionDate "2022.07.31"]
[SourceQuality "1"]

1. d4 Nf6 2. c4 e6 3. Nf3 d5 4. g3 dxc4 5. Qa4+ Nbd7 6. Bg2 c6 7. Qxc4 Nb6 8. Qc2 Be7 9. Nc3 0-0 10. 0-0 Nbd5 11. a3 Re8 12. Ne5 Bd7 13. Rd1 Rc8 14. Ne4 1/2-1/2

[Event "SVK-ch U16"]
[Site "Stara Lubovna"]
[Date "2022.05.27"]
[Round "8"]
[White "Lovcican, Tomas"]
[Black "Sandor, Samuel"]
[Result "1-0"]
[WhiteElo "2024"]
[BlackElo "2054"]
[PlyCount "141"]
[EventDate "2022.05.21"]
[EventType "swiss"]
[EventRounds "9"]
[EventCountry "SVK"]
[SourceTitle "CBM 208 Extra"]
[Source "ChessBase"]
[SourceDate "2022.07.31"]
[SourceVersion "1"]
[SourceVersionDate "2022.07.31"]
[SourceQuality "1"]

1. e4 e5 2. Nf3 Nc6 3. Bb5 a6 4. Ba4 Nf6 5. 0-0 Be7 6. Re1 b5 7. Bb3 d6 8. h3 Na5 9. c3 Nxb3 10. Qxb3 0-0 11. d4 Bb7 12. Nbd2 exd4 13. cxd4 Qd7 14. d5 c6 15. dxc6 Qxc6 16. Nd4 Qc5 17. Nf5 Rfe8 18. Qg3 g6 19. Nb3 Qe5 20. Qxe5 dxe5 21. Nxe7+ Rxe7 22. Bg5 Kg7 23. f4 Rc7 24. fxe5 Nxe4 25. Bf4 g5 26. Be3 Rac8 27. Nd4 Kg6 28. Rac1 Bd5 29. a3 h5 30. Rxc7 Rxc7 31. Rc1 Rxc1+ 32. Bxc1 Nc5 33. Bd2 h4 34. Kh2 Kh5 35. Nf5 Nd3 36. Bc3 Be4 37. e6 Kg6 38. Ng7 fxe6 39. Nxe6 Bd5 40. g3 Bb7 41. Nc7 Kf7 42. gxh4 gxh4 43. b4 Ke7 44. a4 bxa4 45. b5 axb5 46. Nxb5 Bc8 47. Nd4 Kd6 48. Nf3 Kd5 49. Nxh4 Kc4 50. Ba1 Kb3 51. Bf6 a3 52. Nf3 Nb4 53. Nd4+ Kc4 54. Ne2 Nd5 55. Ba1 Kd3 56. Nd4 Ba6 57. h4 Nc3 58. Nc6 Kd2 59. h5 Bb7 60. h6 Bxc6 61. h7 Nb1 62. h8Q Be4 63. Qd4+ Bd3 64. Kg2 Ke2 65. Qe5+ Kd1 66. Kf2 Kd2 67. Qe3+ Kc2 68. Ke1 Bc4 69. Qe4+ Bd3 70. Qa4+ Kc1 71. Qd1# 1-0